000 00264nam a2200109Ia 4500
008 200302s9999 xx 000 0 und d
100 _aBert Bielefeld ed.
245 _aBasic Architectural Design
260 _bBirkhauser Verlag Gmbh
260 _c2013
300 _a326
999 _c6563
_d6563